Aplicación del codigo deontologico de enfermeria por los estudiantes de tres universidades de cartagena de indias 2018. / (Registro nro. 4011)
[ vista simple ]
| 000 -LEADER | |
|---|---|
| fixed length control field | 01500nam a2200265 4500 |
| 001 - CONTROL NUMBER | |
| control field | 0000076100 |
| 005 - DATE AND TIME OF LATEST TRANSACTION | |
| control field | 20250329165434.0 |
| 008 - FIXED-LENGTH DATA ELEMENTS--GENERAL INFORMATION | |
| fixed length control field | 190415s2019 000 0 eng d |
| 040 ## - CATALOGING SOURCE | |
| Original cataloging agency | CO-CtgCURN |
| Language of cataloging | spa |
| Transcribing agency | coctgcurn |
| 082 0# - DEWEY DECIMAL CLASSIFICATION NUMBER | |
| Classification number | ENF 2019 |
| Item number | A189 |
| 100 1# - MAIN ENTRY--PERSONAL NAME | |
| Personal name | Acuña Ariza, Zully Saday. |
| 245 10 - TITLE STATEMENT | |
| Title | Aplicación del codigo deontologico de enfermeria por los estudiantes de tres universidades de cartagena de indias 2018. / |
| Statement of responsibility, etc. | Angie Alvarez Quintana; Mery Jane Cañate Arrieta; Paula Cordero Lopez. |
| 260 ## - PUBLICATION, DISTRIBUTION, ETC. | |
| Place of publication, distribution, etc. | Cartagena de Indias : |
| Name of publisher, distributor, etc. | Corporación Universitaria Rafael Núñez, |
| Date of publication, distribution, etc. | 2019. |
| 504 ## - BIBLIOGRAPHY, ETC. NOTE | |
| Bibliography, etc. note | Trabajo de grado (Enfermeria). Corporación Universitaria Rafael Nuñez. Facultad de Ciencias de la salud. Enfermeria, 2019. |
| 520 ## - SUMMARY, ETC. | |
| Summary, etc. | El acto de cuidar implica realizar actividades de orden t cnico y establecer relaciones terap uticas, en stas la tica y la aplicación de acciones de orden deontológico cobran especial relevancia. |
| 650 #0 - SUBJECT ADDED ENTRY--TOPICAL TERM | |
| Topical term or geographic name entry element | Enfermeria |
| Form subdivision | Tesis y disertaciones academicas. |
| 700 1# - ADDED ENTRY--PERSONAL NAME | |
| -- | Alvarez Quintana Angy. |
| 700 1# - ADDED ENTRY--PERSONAL NAME | |
| Personal name | Acuña Ariza , Zully Saday. |
| 700 1# - ADDED ENTRY--PERSONAL NAME | |
| Personal name | Cañate Arrieta Mery. |
| 700 1# - ADDED ENTRY--PERSONAL NAME | |
| Personal name | Cordero Lopez Paula. |
| 700 1# - ADDED ENTRY--PERSONAL NAME | |
| Personal name | Barrios Puerta Zorayda |
| -- | Asesor. |
| 856 ## - ELECTRONIC LOCATION AND ACCESS | |
| Uniform Resource Identifier | <a href="https://unicurn.sharepoint.com/:b:/s/biblioteca/EfhcdduBsLhPstVV50W6xzIBEy7xFe-geW_FlI8qpfefSw?e=MGwS5B">https://unicurn.sharepoint.com/:b:/s/biblioteca/EfhcdduBsLhPstVV50W6xzIBEy7xFe-geW_FlI8qpfefSw?e=MGwS5B</a> |
| Public note | Click aqui para ver el recurso en texto completo |
| 942 ## - ADDED ENTRY ELEMENTS (KOHA) | |
| Source of classification or shelving scheme | Dewey Decimal Classification |
| Koha item type | Trabajos de grado |
| -- | Trabajos de grado |
| Classification part | ENF 2019 |
| Item part | A189 |
| Withdrawn status | Lost status | Source of classification or shelving scheme | Damaged status | Not for loan | Collection | Home library | Current library | Shelving location | Date acquired | Source of acquisition | Cost, normal purchase price | Inventory number | Total checkouts | Full call number | Barcode | Date last seen | Price effective from | Koha item type |
|---|---|---|---|---|---|---|---|---|---|---|---|---|---|---|---|---|---|---|
| Dewey Decimal Classification | Trabajos de grado | Miguel Henríquez Emiliani | Miguel Henríquez Emiliani | Trabajo de grado | 06/01/2019 | El autor | 350000.00 | 022574 | ENF 2019 A189 | 022574 | 04/15/2019 | 04/15/2019 | Trabajos de grado |